|
|
|
|
| LEADER |
01195nam a2200325 a 4500 |
| 001 |
1153 |
| 003 |
BD-DhAAL |
| 005 |
20150301094615.0 |
| 008 |
150301s1993 dcua b i001 0 eng |
| 010 |
|
|
|a 93013831
|
| 020 |
|
|
|a 0821324365
|
| 040 |
|
|
|a DLC
|c DLC
|d DLC
|d BD-DhAAL
|
| 050 |
0 |
0 |
|a HF5686.N3
|b T69 1993
|
| 082 |
0 |
0 |
|a 657/.73
|2 20
|
| 245 |
0 |
0 |
|a Toward improved accounting for the environment /
|c edited by Ernst Lutz.
|
| 260 |
|
|
|a Washington, D.C. :
|b World Bank,
|c c1993.
|
| 300 |
|
|
|a xii, 329 p. :
|b ill. ;
|c 28 cm.
|
| 500 |
|
|
|a "An UNSTAT-World Bank symposium."
|
| 504 |
|
|
|a Includes bibliographical references and index.
|
| 541 |
|
|
|e 1153
|
| 650 |
|
0 |
|a Natural resources
|x Accounting.
|9 8830
|
| 650 |
|
0 |
|a Environmental impact analysis.
|9 8831
|
| 650 |
|
0 |
|a National income
|x Accounting.
|9 8832
|
| 650 |
|
0 |
|a Economic development
|x Environmental aspects.
|9 8833
|
| 650 |
|
0 |
|a Sustainable development.
|9 8834
|
| 653 |
0 |
|
|a Environmental accounting.
|
| 700 |
1 |
|
|a Lutz, Ernst,
|d 1949-
|9 8835
|
| 942 |
|
|
|2 ddc
|c BK
|
| 999 |
|
|
|c 33816
|d 33816
|
| 952 |
|
|
|0 0
|1 0
|2 ddc
|4 0
|6 657_730000000000000_TOW
|7 0
|9 52801
|a SCL
|b SCL
|c GEN
|d 2015-03-01
|g 850.00
|l 0
|o 657.73 TOW
|p 3020001153
|r 2015-03-01
|t 1
|w 2015-03-01
|y BK
|